[Event "US op"]
[Site "Philadelphia"]
[Date "1993.??.??"]
[Round "?"]
[White "Bisguier, Arthur Bernard"]
[Black "Kaidanov, Grigory S"]
[Result "0-1"]
[WhiteElo "2365"]
[BlackElo "2640"]

1.Nf3 d5 2.b3 Nf6 3.Bb2 e6 4.e3 Bd6 5.d4 O-O 6.Bd3 c5 7.O-O Nc6 8.Nbd2 b6
9.Ne5 Nb4 10.Be2 Qc7 11.a3 cxd4 12.exd4 Nc6 13.f4 Bb7 14.Bd3 Ne7 15.Qe2 Rac8
16.Ndf3 Ne4 17.Ng5 h6 18.Rf3 Bxe5 19.dxe5 hxg5 20.fxg5 Nf5 21.Raf1 Nxg5 22.Rf4 Ne4
23.R1f3 Qc5+ 24.Kh1 Nd4 25.Qd1 Nxf3 26.Qxf3 Qe7 27.Qh3 Qg5 28.Bxe4 dxe4 29.Rh4 Qxh4  0-1

[Event "US op"]
[Site "Philadelphia"]
[Date "1993.??.??"]
[Round "?"]
[White "Shaked, Tal"]
[Black "Kaidanov, Grigory S"]
[Result "0-1"]
[WhiteElo "2440"]
[BlackElo "2640"]

1.e4 e5 2.Nf3 Nc6 3.Bc4 Nf6 4.d3 Bc5 5.c3 a6 6.Bb3 d6 7.O-O O-O 8.Re1 Ba7
9.h3 h6 10.Nbd2 Nh5 11.Nf1 Qf6 12.Ne3 Nf4 13.Nd5 Nxd5 14.exd5 Ne7 15.d4 Ng6
16.Bc2 exd4 17.Nxd4 Bd7 18.Be3 Rfe8 19.Qd3 Re5 20.c4 Rae8 21.Qc3 Nh4 22.Red1 Rxe3
23.fxe3 Qg5  0-1

[Event "USA-ch"]
[Site "?"]
[Date "1993.??.??"]
[Round "8"]
[White "Kaidanov, Grigory S"]
[Black "Kamsky, Gata"]
[Result "1-0"]
[WhiteElo "2640"]
[BlackElo "2645"]

1.d4 Nf6 2.c4 g6 3.Nc3 Bg7 4.e4 d6 5.Be2 O-O 6.Bg5 c5 7.d5 e6 8.Qd2 exd5
9.exd5 Re8 10.Nf3 Bg4 11.O-O Nbd7 12.h3 Bxf3 13.Bxf3 a6 14.a4 Qe7 15.a5 h5
16.Qc2 Nh7 17.Bd2 h4 18.Be2 Bd4 19.Kh2 Rab8 20.Ra3 Qd8 21.Bd1 Bg7 22.Kh1 Qe7
23.f4 f5 24.Bf3 Qf6 25.Raa1 Nhf8 26.Rae1 Qd4 27.b3 Kh8 28.Ne2 Qb2 29.Qxb2 Bxb2
30.Ng1 Kg7 31.Rxe8 Rxe8 32.Re1 Rb8 33.Bd1 Nf6 34.Bc2 Nh5 35.Nf3 Bf6 36.Kg1 Rc8
37.Bd3 Kf7 38.Kf2 Re8 39.Rxe8 Kxe8 40.Ke3 Nd7 41.Be1 Ng3 42.Nxh4 Bxh4 43.Kf3 Nf1
44.Bxh4 Nd2+ 45.Ke3 Nxb3 46.Be1 b6 47.Bc2 Nd4 48.Bd1 bxa5 49.Bxa5 Nf6 50.Bc3 Ne4
51.Bb2 Ke7 52.g4 a5 53.Ba1 Kf7 54.Bb2 Ke7 55.g5 Kf7 56.Ba4 Ke7 57.Ba1 Kf7
58.Bd1 Ke7 59.Bb2 Kf7 60.h4 Kf8 61.Ba1 Kg8 62.Bxd4 cxd4+ 63.Kxd4 Kg7 64.Be2 Nc5
65.Kc3 Kf7 66.Bd3 Kf8 67.Be2 Kg7 68.h5 gxh5 69.Bxh5 Ne4+ 70.Kc2 a4 71.Be2 Kg6
72.Kb2 Nc5 73.Ka3 Kf7 74.Bd1 Nd3 75.Bc2 Nxf4 76.Bxf5 Ng2 77.Kxa4 Ne3 78.Bd3 Ng4
79.Kb5 Ne5 80.Be4 Nd7 81.Bf5 Ne5 82.c5 dxc5 83.Kxc5 Nf3 84.g6+ Kf6 85.d6  1-0

[Event "Las Vegas op"]
[Site "Las Vegas"]
[Date "1994.??.??"]
[Round "?"]
[White "Yedidia, Jonathan"]
[Black "Kaidanov, Grigory S"]
[Result "0-1"]
[WhiteElo "2360"]
[BlackElo "2645"]

1.e4 c5 2.Nf3 e6 3.d4 cxd4 4.Nxd4 a6 5.Bd3 Qc7 6.O-O Bc5 7.Nb3 Be7 8.Qg4 Bf6
9.Nc3 d6 10.Bg5 h5 11.Qh4 Bxc3 12.bxc3 f6 13.Bc1 g5 14.Qg3 h4 15.Qe3 e5 16.Ba3 Nh6
17.Rfd1 Nf7 18.c4 b6 19.c5 bxc5 20.Bc4 Nd7 21.Rab1 Rb8 22.Qd2 Nb6 23.Qa5 Qc6
24.Be2 Qa4 25.c4 Be6 26.Rdc1 O-O 27.Bb2 Rfc8 28.Qc3 Qc6 29.Qd3 Kg7 30.Nd2 Qc7
31.Nf1 Na4 32.Ba1 Rxb1 33.Rxb1 Rb8 34.Rb3 Nd8 35.Bd1 Nb6 36.Ne3 Nd7 37.Nd5 Qa5
38.Bc3 Qxa2 39.Rxb8 Nxb8 40.Nxf6 Kxf6 41.Bxe5+ Kg6 42.f4 Qxc4 43.f5+ Kh7
44.Qxd6 Qxe4 45.h3 Nf7 46.Qxb8 Bd5 47.Bf3 Qe1+ 48.Kh2 Bxf3  0-1

[Event "Las Vegas op"]
[Site "Las Vegas"]
[Date "1994.??.??"]
[Round "?"]
[White "Kaidanov, Grigory S"]
[Black "Saidy, Anthony Fred"]
[Result "1-0"]
[WhiteElo "2645"]
[BlackElo "2415"]

1.e4 e6 2.d3 d5 3.Nd2 c5 4.g3 Nc6 5.Bg2 Nge7 6.f4 dxe4 7.dxe4 b6 8.Ngf3 Ba6
9.Kf2 Nd4 10.c3 Be2 11.Qa4+ Bb5 12.Qa3 Nxf3 13.Nxf3 g6 14.Qb3 Bc6 15.Ne5 Qc7
16.Rd1 Bg7 17.Nxc6 Nxc6 18.e5 Rd8 19.Rxd8+ Kxd8 20.Qb5 Nb8 21.Be3 Ke7 22.b4 Nd7
23.Rd1 cxb4 24.Qxb4+ Nc5 25.Rd6 Rc8 26.Rc6 Qxc6 27.Bxc6 Rxc6 28.Bxc5+ Rxc5
29.Qa3 a5 30.Qb2 Rc6 31.Qb5 Kd7 32.g4 Bf8 33.Qd3+ Ke8 34.Ke2 h6 35.Qf3 Kd7
36.Kd3 Bc5 37.f5 gxf5 38.gxf5 Rc8 39.Qh5 Rf8 40.f6 Kc6 41.a4 Rd8+ 42.Ke4 Rd7
43.Qxh6 b5 44.axb5+ Kxb5 45.Qh8 Ra7 46.Kd3 a4 47.c4+ Kb6 48.Qb8+ Rb7 49.Qe8 Ka5
50.Qa8+  1-0

[Event "New York op"]
[Site "New York"]
[Date "1994.??.??"]
[Round "6"]
[White "Kaidanov, Grigory S"]
[Black "Wahls, Matthias"]
[Result "1-0"]
[WhiteElo "2645"]
[BlackElo "2520"]

1.d4 Nf6 2.c4 e6 3.g3 Bb4+ 4.Bd2 Qe7 5.Nf3 Nc6 6.Nc3 Bxc3 7.Bxc3 Ne4 8.Rc1 O-O
9.Bg2 d6 10.d5 Nd8 11.dxe6 Nxe6 12.Bb4 f5 13.O-O Bd7 14.e3 c5 15.Bc3 Bc6
16.b3 Rad8 17.Bb2 Qe8 18.Qe2 b5 19.Rfd1 b4 20.Nh4 g5 21.Nf3 Qh5 22.Nd4 Qxe2
23.Nxe2 g4 24.Nf4 N6g5 25.Kf1 Rf7 26.h4 gxh3 27.Nxh3 Nxh3 28.Bxh3 h5 29.Bg2 Kh7
30.f3 Nxg3+ 31.Kf2 h4 32.Be5 Rfd7 33.Bf6 Rf8 34.Bxh4 Nh5 35.Bh3 Ng7 36.Rd2 Ne8
37.Bg5 Rg7 38.Bf4 Rg6 39.a3 bxa3 40.Ra1 a6 41.Rxa3 Bb7 42.b4 cxb4 43.Ra4 Bc8
44.Rxb4  1-0

[Event "Reno op"]
[Site "Reno"]
[Date "1994.??.??"]
[Round "?"]
[White "Van Buskirk, Charles"]
[Black "Kaidanov, Grigory S"]
[Result "1-0"]
[WhiteElo "2285"]
[BlackElo "2645"]

1.d4 Nf6 2.c4 c5 3.d5 b5 4.cxb5 a6 5.bxa6 g6 6.Nc3 Bxa6 7.e4 Bxf1 8.Kxf1 d6
9.Nf3 Nbd7 10.g3 Bg7 11.Kg2 O-O 12.a4 Qa5 13.Re1 Rfb8 14.e5 dxe5 15.Nxe5 Nxe5
16.Rxe5 Ra7 17.Qf3 Ne8 18.Re2 c4 19.Bf4 Rxb2 20.Rxb2 Qxc3 21.Qxc3 Bxc3 22.Rb8 Bxa1
23.Bh6  1-0

[Event "Mid-America Class op"]
[Site "Chicago"]
[Date "1995.??.??"]
[Round "4"]
[White "Kaidanov, Grigory S"]
[Black "Brooks, Michael A"]
[Result "1/2-1/2"]
[WhiteElo "2605"]
[BlackElo "2445"]

1.d4 Nf6 2.c4 g6 3.Nc3 Bg7 4.e4 d6 5.Be2 O-O 6.Bg5 Nbd7 7.Qd2 e5 8.d5 Nc5
9.f3 h6 10.Be3 Nh5 11.Bd1 f5 12.Bc2 f4 13.Bf2 Bf6 14.h4 a5 15.Nge2 Bd7 16.O-O-O a4
17.Rdg1 Be8 18.g3 fxg3 19.Nxg3 Nf4 20.Nge2 Bg7 21.Be3 Qf6 22.Rf1 h5 23.Kb1 Bh6
24.Nxf4 Bxf4 25.Bxf4 Qxf4 26.Qg2 Rf6 27.Ne2 Qh6 28.f4 exf4 29.Qg5 Qxg5 30.hxg5 Rf7
31.Nxf4 Re7 32.e5 Rxe5 33.Nxg6 Bxg6 34.Bxg6 Rxg5 35.Bxh5 Rf8 36.Rxf8+ Kxf8
37.Bd1 Rg2 38.Bc2 Kf7 39.b4 axb3 40.axb3 Na6 41.Rf1+ Kg7 42.Rf3 Nb4 43.Bf5 Rh2
44.Be6 Kg6 45.Bc8 b6  1/2-1/2

[Event "Lexington"]
[Site "Lexington"]
[Date "1995.??.??"]
[Round "?"]
[White "Fedorowicz, John P"]
[Black "Kaidanov, Grigory S"]
[Result "1-0"]
[WhiteElo "2510"]
[BlackElo "2585"]

1.e4 e6 2.d4 d5 3.Nc3 Nf6 4.e5 Nfd7 5.f4 c5 6.Nf3 Nc6 7.Ne2 f5 8.c3 Be7 9.g3 O-O
10.Bh3 cxd4 11.cxd4 a5 12.g4 Nb6 13.gxf5 exf5 14.O-O a4 15.Kh1 Be6 16.Rg1 Kh8
17.Ng5 Qd7 18.Nxe6 Qxe6 19.Ng3 g6 20.Rb1 Nc4 21.b3 axb3 22.axb3 Na3 23.Rb2 b5
24.Ra2 b4 25.Qd3 Ra5 26.Be3 Bd8 27.Rc1 Bb6 28.Bg2 Qd7 29.Ne2 Nd8 30.Bd2 Nc6
31.Rxc6 Qxc6 32.Bxb4 Rfa8 33.Bxa5 Rxa5 34.Nc3 Ra7 35.Ra1 Nb5 36.Rxa7 Nxa7
37.Bxd5 Qd7 38.Qc4 Qc8 39.Ne2 Kg7 40.Qxc8 Nxc8 41.Bb7 Na7 42.d5 Kf7 43.Ba6 Ke7
44.Kg2 h6 45.Kf3 Kd7 46.h4 Bd8 47.h5 gxh5 48.d6 Nc8 49.Nd4 Nxd6 50.exd6 Kxd6  1-0

[Event "New York op"]
[Site "New York"]
[Date "1995.??.??"]
[Round "4"]
[White "Cooper, Thomas L"]
[Black "Kaidanov, Grigory S"]
[Result "0-1"]
[WhiteElo "2215"]
[BlackElo "2605"]

1.e4 e6 2.d4 d5 3.Nc3 Nf6 4.Bg5 dxe4 5.Nxe4 Nbd7 6.Nf3 Be7 7.Bxf6 Nxf6 8.Bd3 c5
9.dxc5 Nxe4 10.Bxe4 Qa5+ 11.c3 Qxc5 12.O-O O-O 13.Re1 Qc7 14.Qb3 Rb8 15.Rad1 g6
16.Qb5 Bf6 17.Bc2 a6 18.Qe2 b5 19.a3 a5 20.Bd3 b4 21.cxb4 axb4 22.a4 Bb7
23.b3 Bc3 24.Rf1 Bd5 25.Rb1 Qf4 26.Rfd1 Rfd8 27.Qe3 Qc7 28.Be4 Bxb3 29.Rdc1 Bxa4
30.Qh6 f5  0-1

[Event "World op"]
[Site "Philadelphia"]
[Date "1995.??.??"]
[Round "3"]
[White "Teodoro, Eduardo"]
[Black "Kaidanov, Grigory S"]
[Result "0-1"]
[WhiteElo "2220"]
[BlackElo "2585"]

1.e4 e6 2.d4 d5 3.Nd2 Nf6 4.e5 Nfd7 5.Bd3 c5 6.c3 Nc6 7.Ne2 cxd4 8.cxd4 Nb6
9.O-O Bd7 10.Nf3 Be7 11.Bd2 a5 12.Nc3 Nb4 13.Be2 O-O 14.a3 Nc6 15.Re1 a4
16.Be3 Na5 17.Nd2 Rc8 18.Bd3 f5 19.f4 Qe8 20.Kh1 Nac4 21.Nxc4 dxc4 22.Be2 Bc6
23.Bh5 Qd7 24.Bf3 Rfd8 25.Rg1 Bxf3 26.Qxf3 Nd5 27.Bd2 Qc6 28.Nxd5 Qxd5 29.Qxd5 Rxd5
30.Bc3 h5 31.g3 Bd8 32.Rgd1 Ba5 33.Bxa5 Rxa5 34.Rac1 Rd5 35.Kg2 b5 36.Kf3 Kf7
37.Rd2 Rcd8 38.h3 Rh8 39.Ke3 Ke7 40.Kf3 Kd7 41.Rg1 Kc6 42.g4 hxg4+ 43.hxg4 Rh3+
44.Rg3 fxg4+ 45.Kxg4 Rxg3+ 46.Kxg3 Rd8 47.f5 exf5 48.Kf4 g6 49.Kg5 Kd5 50.Kxg6 f4
51.Rf2 Rf8 52.Kg7 Rc8  0-1

[Event "World op"]
[Site "Philadelphia"]
[Date "1995.??.??"]
[Round "7"]
[White "Kaidanov, Grigory S"]
[Black "Zaichik, Gennadi"]
[Result "1-0"]
[WhiteElo "2585"]
[BlackElo "2520"]

1.e4 c5 2.Nf3 d6 3.d4 cxd4 4.Qxd4 a6 5.c4 Nf6 6.Nc3 e6 7.Bg5 Be7 8.Be2 Qc7
9.O-O h6 10.Bh4 Nc6 11.Qd1 b6 12.Rc1 Ne5 13.Bg3 Nh5 14.Bxe5 dxe5 15.Nxe5 Qxe5
16.Bxh5 O-O 17.f4 Qc5+ 18.Kh1 Bb7 19.Bf3 Rad8 20.Qe2 Rd4 21.e5 Bxf3 22.Qxf3 Rc8
23.b3 Qc6 24.Qxc6 Rxc6 25.Rcd1 Rxd1 26.Rxd1 b5 27.Ne4 f6 28.Rc1 Kf7 29.c5 Kg6
30.g4 h5 31.h3 hxg4 32.hxg4 b4 33.Kg2 fxe5 34.fxe5 Kf7 35.Nd6+ Kf8 36.Kf3 Bg5
37.Ke4 a5 38.Nb7  1-0

[Event "Dallas Pinfork op"]
[Site "Dallas"]
[Date "1996.??.??"]
[Round "?"]
[White "Shtern, Igor"]
[Black "Kaidanov, Grigory S"]
[Result "0-1"]
[WhiteElo "2245"]
[BlackElo "2605"]

1.d4 d5 2.Nf3 Nf6 3.Bg5 Ne4 4.Bf4 c5 5.e3 Qb6 6.Nbd2 Nxd2 7.Nxd2 cxd4 8.exd4 Qxd4
9.Bxb8 Rxb8 10.Bb5+ Kd8 11.O-O e6 12.c3 Qf4 13.Be2 Bd7 14.g3 Qa4 15.b3 Qa5
16.c4 Bb4 17.Nf3 dxc4 18.bxc4 Ke7 19.Rb1 Rhd8 20.Qc2 Bc3 21.Rfc1 Bf6 22.c5 Bc6
23.Qxh7 Qxa2 24.Bc4 Qa3 25.Nh4 Rh8 26.Qd3 Qxd3 27.Bxd3 Bxh4 28.gxh4 Rxh4
29.Bb5 Rg4+ 30.Kf1 Bg2+ 31.Ke1 Re4+ 32.Kd2 Rd8+ 33.Kc3 Rh4 34.Rb2 Rdh8 35.Rd1 Bd5
36.Re2 Kf6  0-1

[Event "Dallas op"]
[Site "Dallas"]
[Date "1996.??.??"]
[Round "1"]
[White "Kaidanov, Grigory S"]
[Black "Calogridis, Michael"]
[Result "1-0"]
[WhiteElo "2605"]
[BlackElo "2240"]

1.d4 Nf6 2.c4 e6 3.Nf3 d5 4.Nc3 Nbd7 5.cxd5 exd5 6.Bg5 c6 7.e3 Be7 8.Qc2 O-O
9.Bd3 h6 10.Bf4 a6 11.g4 Ne4 12.h4 Bb4 13.g5 h5 14.Bxe4 dxe4 15.Qxe4 Nb6
16.Ne5 Nd5 17.Rc1 Be6 18.O-O Nxf4 19.Qxf4 f6 20.gxf6 Rxf6 21.Qg3 Bxc3 22.Rxc3 Qe7
23.a3 Raf8 24.f3 Bf5 25.Qg5 Bg4 26.Rcc1 Bh3 27.Rf2 Qe6 28.Qg3 Bf5 29.Rg2 R8f7
30.Nxf7 Qxe3+ 31.Kh2 Rxf7 32.Rcg1 Qxd4 33.Qg5 Qd6+ 34.Kh1 g6 35.Rd2 Qe5 36.Rd8+ Kg7
37.Qxg6+  1-0

[Event "Dallas op"]
[Site "Dallas"]
[Date "1996.??.??"]
[Round "5"]
[White "Kaidanov, Grigory S"]
[Black "Lein, Anatoly"]
[Result "1-0"]
[WhiteElo "2605"]
[BlackElo "2455"]

1.e4 e6 2.d3 d5 3.Nd2 Nf6 4.Ngf3 Be7 5.g3 O-O 6.Bg2 a5 7.a4 Na6 8.O-O Nc5
9.e5 Ne8 10.Re1 c6 11.b3 Bd7 12.Nf1 Nc7 13.h4 b5 14.N1h2 bxa4 15.bxa4 Rb8
16.Bd2 N7a6 17.h5 h6 18.Ng4 Rb4 19.Bxb4 axb4 20.Bf1 Bc8 21.Nd4 Bb7 22.Nb3 Nd7
23.d4 c5 24.dxc5 Ndxc5 25.Bd3 Nxb3 26.cxb3 Nc5 27.Rc1 d4 28.f3 Qd5 29.Be4 Nxe4
30.Rxe4 d3 31.Kg2 d2 32.Rc7 Bg5 33.Nf2 Ba8 34.Rcc4 Qa5 35.f4 Be7 36.Qxd2 Bc5
37.Kh3 Bxf2 38.Qxf2 Bxe4 39.Rxe4 Rc8 40.Qd4 Qa6 41.Qd1 Rc3 42.Rxb4 Qc6 43.Rd4 Kh7
44.Rd3 Rc2 45.Qf3 Qc8 46.Qe4+ g6 47.hxg6+ fxg6 48.Rd7+ Qxd7 49.Qxc2 h5 50.Kh2 Qd4
51.Kg2 Qd5+ 52.Kf2 Qd4+ 53.Kf3 Qd5+ 54.Ke3 Kh6 55.Qd3 Qg2 56.Kd4 Qf2+ 57.Qe3 Qb2+
58.Kc4 Qc2+ 59.Kb4 Kg7 60.a5 Qc6 61.Qd3 g5 62.fxg5 Qb7+ 63.Ka4 Qc6+ 64.Qb5 Qe4+
65.Ka3 Qd4 66.Qf1 Qc5+ 67.b4 Qc3+ 68.Ka4 Kg8 69.a6  1-0

[Event "Yerevan ol (Men)"]
[Site "Yerevan"]
[Date "1996.??.??"]
[Round "12"]
[White "Spasov, Vasil"]
[Black "Kaidanov, Grigory S"]
[Result "1/2-1/2"]
[WhiteElo "2575"]
[BlackElo "2580"]

1.e4 e5 2.Nf3 Nc6 3.Bc4 Nf6 4.d3 Be7 5.O-O O-O 6.Re1 d6 7.a4 Be6 8.Nbd2 h6
9.a5 a6 10.c3 Qd7 11.Qb3 Rab8 12.Nf1 Rfe8 13.Ne3 Bf8 14.Nd5 Bxd5 15.exd5 Ne7
16.Be3 c6 17.dxc6 Nxc6 18.Qa4 d5 19.Bb3 Bd6 20.Bb6 Bc7 21.Re2 Bxb6 22.axb6 Qd6
23.Qa3 Qxa3 24.Rxa3 Re6 25.Ra1 Rd6 26.Ba4 Nd7 27.Bxc6 Rxc6 28.Nxe5 Nxe5 29.Rxe5 Rxb6
30.Re2  1/2-1/2

[Event "WchT 4th"]
[Site "Luzern"]
[Date "1997.10.27"]
[Round "3"]
[White "Hodgson, Julian M"]
[Black "Kaidanov, Grigory S"]
[Result "0-1"]
[WhiteElo "2590"]
[BlackElo "2600"]

1.d4 d5 2.Bg5 h6 3.Bh4 c6 4.Nf3 Qb6 5.b3 a5 6.a3 Bf5 7.e3 Nd7 8.c4 e6 9.c5 Qa7
10.Nc3 b6 11.cxb6 Qxb6 12.Na4 Qb7 13.Bd3 Bxa3 14.O-O Bxd3 15.Qxd3 Be7 16.Bxe7 Nxe7
17.Ne5 Nxe5 18.dxe5 O-O 19.Nc5 Qb5 20.Qc3 Ng6 21.Rfc1 d4 22.Qxd4 Rfd8 23.Qc3 Rd5
24.b4 a4 25.e4 Nf4 26.Rc2 Rdd8 27.Qc4 Ng6 28.Qc3 Nf4 29.Qc4 Qxc4 30.Rxc4 Ng6
31.Rc3 Rd4 32.g3 Nxe5 33.f4 Ng4 34.e5 Rd2 35.Ne4 Rxh2 36.Rxc6 Rb2 37.Rc3 Rxb4
38.Nd6 h5 39.Kg2 Rab8 40.Kh3 Rd4 41.Rac1 Rb2 42.R1c2 a3 43.Rc8+ Kh7 44.Nxf7 a2  0-1

[Event "Chicago op"]
[Site "Chicago"]
[Date "1997.??.??"]
[Round "5"]
[White "Kaidanov, Grigory S"]
[Black "Atalik, Suat"]
[Result "1/2-1/2"]
[WhiteElo "2590"]
[BlackElo "2555"]

1.e4 c5 2.Nf3 d6 3.d4 cxd4 4.Nxd4 Nf6 5.Nc3 Nc6 6.g3 g6 7.Nde2 b6 8.Bg2 Ba6
9.O-O Bg7 10.Re1 O-O 11.a4 Rc8 12.Nf4 Re8 13.Nb5 Bb7 14.Bh3 Rb8 15.Nd5 Nxd5
16.exd5 Nb4 17.Nxa7 Nxd5 18.Bg2 Qd7 19.Bxd5 Bxd5 20.Qxd5 Qxa7 21.c3 Qa5 22.Rd1 b5
23.Be3 e6 24.Qxd6 bxa4 25.Qc6 Ra8 26.Rd7 Rec8 27.Qf3 Rf8 28.Bd4 Bxd4 29.Rxd4 Qb5
30.Rb4 Qd7 31.Rb7 Qc8 32.Rb4 Qd7 33.h4 Ra5 34.Rd1 Qc8 35.Rbd4 a3 36.bxa3 Rxa3
37.R4d3 Ra5 38.Qe3 Qc5 39.Qd2 Ra3 40.Qb2 h5 41.Qb4 Ra5 42.Qf4 Kg7 43.Rf3 Qe5
44.Qxe5+ Rxe5 45.Rd7 Rc5 46.Kf1 Kh6 47.Ke2 g5 48.hxg5+ Kxg5 49.Kd2 f5  1/2-1/2

[Event "New York op"]
[Site "New York"]
[Date "1997.??.??"]
[Round "?"]
[White "Vescovi, Giovanni"]
[Black "Kaidanov, Grigory S"]
[Result "0-1"]
[WhiteElo "2490"]
[BlackElo "2590"]

1.Nf3 d5 2.d4 Nf6 3.c4 dxc4 4.e3 e6 5.Bxc4 c5 6.O-O a6 7.Bd3 Nbd7 8.Nc3 b5
9.Qe2 Bb7 10.Rd1 Qb8 11.dxc5 Bxc5 12.b3 Ne5 13.Bxb5+ axb5 14.Nxe5 O-O 15.Ng4 Nxg4
16.Qxg4 Bd6 17.h3 f5 18.Qe2 Rf6 19.Bb2 Rg6 20.f3 Bc5 21.Qf2 f4 22.Qe2 fxe3
23.Ne4 Bxe4 24.fxe4 Qg3 25.Bd4 Bxd4 26.Rxd4 Rf6 27.Qd3 h5 28.e5 Rf2 29.Rd8+ Rxd8
30.Qxd8+ Kh7 31.Qd3+ Kh6 32.Qe4 Rd2 33.Qa8 e2 34.Qh8+ Kg6 35.Qe8+ Kg5 36.Qe7+ Kh6  0-1

[Event "World op"]
[Site "Philadelphia"]
[Date "1997.??.??"]
[Round "3"]
[White "Kaidanov, Grigory S"]
[Black "Schwartzman, Gabriel"]
[Result "1-0"]
[WhiteElo "2600"]
[BlackElo "2515"]

1.e4 e6 2.d3 d5 3.Nd2 Nf6 4.Ngf3 Nc6 5.c3 a5 6.Be2 e5 7.Qa4 Bd7 8.Qc2 Be7
9.O-O O-O 10.b3 b5 11.a3 b4 12.Bb2 Bd6 13.cxb4 axb4 14.a4 Qe7 15.exd5 Nxd5
16.Rfe1 Rfe8 17.d4 Qf6 18.dxe5 Nxe5 19.Nc4 Bf5 20.Qc1 Nc3 21.Bxc3 bxc3 22.Nxd6 cxd6
23.Qxc3 Rac8 24.Bc4 Nxc4 25.Rxe8+ Rxe8 26.Qxf6 gxf6 27.bxc4 Bd3 28.a5 Bxc4
29.a6 Ra8 30.a7 Kf8 31.Nd2 d5 32.Nxc4 dxc4 33.Kf1 Ke7 34.Ke2 Kd6 35.Kd2 Kc5
36.Kc3 Kb5 37.g4 Kc5 38.f3 Kb5 39.Ra2 Kc5 40.Ra4 Kb5 41.Rb4+ Kc6 42.Rxc4+ Kd6
43.Ra4 f5 44.gxf5 Ke5 45.Kc4  1-0

[Event "Elista ol (Men)"]
[Site "Elista"]
[Date "1998.09.30"]
[Round "2"]
[White "Ilinsky, Vladimir"]
[Black "Kaidanov, Grigory S"]
[Result "0-1"]
[WhiteElo "2335"]
[BlackElo "2625"]

1.Nf3 c5 2.c4 Nc6 3.Nc3 e5 4.g3 g6 5.Bg2 Bg7 6.O-O Nge7 7.Ne1 O-O 8.Nc2 f5
9.d3 d6 10.Rb1 Rb8 11.a3 h6 12.Bd2 Kh7 13.b4 b6 14.e3 Qd7 15.Qe2 Bb7 16.Nd5 Nxd5
17.Bxd5 f4 18.Ne1 Rbe8 19.Be4 fxe3 20.fxe3 Nd8 21.Rxf8 Rxf8 22.Qg2 Bxe4 23.Qxe4 Qf7
24.Qg2 e4 25.dxe4 Qxc4 26.Nf3 Ne6 27.Rf1 Qxe4 28.Ne1 Rxf1+ 29.Kxf1 Qxg2+
30.Kxg2 Bb2 31.Nc2 Ng5 32.Be1 b5 33.h4 Ne6 34.Kf3 Kg7 35.Ke4 Nc7 36.bxc5 dxc5
37.Ba5 Ne6 38.Kd5 Kf6 39.g4 h5 40.g5+ Ke7 41.Kc6 a6 42.Kd5 Kd7 43.Bd2 Bg7
44.Ne1 c4 45.Ba5 Bf8 46.Nf3 Bd6 47.Ne5+ Bxe5 48.Kxe5 Nc5 49.Kd5 Na4 50.Ke5 c3
51.Kd4 c2 52.Bd2 Nb6 53.Bc1 Ke6 54.e4 Nc4 55.a4 Na5 56.Kc3 Ke5 57.axb5 axb5
58.Kd3 Nc4 59.Kxc2 Kxe4 60.Kc3 Ke5  0-1

[Event "National Chess Congress"]
[Site "Philadelphia USA"]
[Date "1999.11.26"]
[Round "1"]
[White "Reichstein,B"]
[Black "Kaidanov,G"]
[Result "0-1"]
[WhiteElo "2257"]
[BlackElo "2611"]

1.e4 e5 2.Nf3 Nc6 3.Bb5 a6 4.Ba4 Nf6 5.Qe2 b5 6.Bb3 Bc5 7.c3 O-O 8.O-O d6
9.h3 h6 10.d3 Re8 11.Be3 Bxe3 12.fxe3 Na5 13.Bc2 c5 14.Nbd2 Be6 15.Qf2 Rc8
16.Nh4 d5 17.Rad1 d4 18.Bb1 Ng4 19.hxg4 dxe3 20.Qxe3 Qxh4 21.Nf3 Qg3 22.g5 hxg5
23.Qxg5 Qxg5 24.Nxg5 Bg4 25.Rd2 f6 26.Nh3 Red8 27.Kf2 Nc4 28.Rc2 Rxd3 29.Rcc1 Rd2+
30.Kg3 Bxh3 31.gxh3 Nxb2  0-1

[Event "National Chess Congress"]
[Site "Philadelphia USA"]
[Date "1999.11.28"]
[Round "5"]
[White "Kaidanov,G"]
[Black "Ippolito,D"]
[Result "1-0"]
[WhiteElo "2611"]
[BlackElo "2351"]

1.c4 e6 2.Nf3 Nf6 3.g3 d5 4.b3 a5 5.e3 a4 6.bxa4 Be7 7.Nc3 O-O 8.Bb2 c5 9.cxd5 Nxd5
10.Bg2 Bf6 11.O-O Nxc3 12.Bxc3 Bxc3 13.dxc3 Qxd1 14.Rfxd1 Rxa4 15.Ne5 f6
16.Nd3 Na6 17.a3 Ra5 18.a4 c4 19.Nb2 Nc5 20.Nxc4 Rxa4 21.Nb6 Ra6 22.Rxa6 bxa6
23.Rd6 Bb7 24.Bxb7 Nxb7 25.Rxe6 Rd8 26.Rc6 Na5 27.Rc7 Rd6 28.Nc8 Rd1+ 29.Kg2 Nb3
30.Ne7+ Kf8 31.Nf5 Rd5 32.g4 Rc5 33.Ra7 a5 34.Nxg7 Rxc3 35.Ne6+ Ke8 36.Kf3 Rc6
37.Nc7+ Kf8 38.Nd5 Rd6 39.e4 Re6 40.Kf4 Nc5 41.f3 Ra6 42.Rxa6 Nxa6 43.Kf5 Kf7
44.Nxf6 a4 45.Nd5 a3 46.Nc3 Nb4 47.g5 a2 48.Nxa2 Nxa2 49.h4 Nb4 50.h5 Nc6
51.f4 Ne7+ 52.Kg4 h6 53.gxh6 Ng8 54.Kg5 Nf6 55.e5 Nh7+ 56.Kf5 Nf8 57.Ke4 Nh7
58.f5 Ke7 59.Kd5 Ng5 60.f6+ Kf7 61.Kd6 Ne4+ 62.Kd7 Ng5 63.h7 Nxh7 64.e6+ Kxf6
65.e7 Kg7 66.h6+ Kxh6 67.Ke6 Ng5+ 68.Kd5 Nh7 69.Ke5  1-0

[Event "Goodricke Open"]
[Site "Calcutta IND"]
[Date "2000.02.08"]
[Round "3"]
[White "Kaidanov,G"]
[Black "Horvath,Jo"]
[Result "1-0"]
[WhiteElo "2599"]
[BlackElo "2557"]

1.e4 c5 2.Nf3 Nc6 3.d4 cxd4 4.Nxd4 Qc7 5.Nc3 e6 6.g3 d6 7.Bg2 Nf6 8.O-O Nxd4
9.Qxd4 Bd7 10.Bg5 Be7 11.Rfd1 a6 12.Bxf6 gxf6 13.Qd2 h5 14.h4 Rc8 15.Rac1 Qb6
16.Rb1 Qc5 17.Qd4 b5 18.a3 Qxd4 19.Rxd4 Rc5 20.Rbd1 Kf8 21.R4d2 Kg7 22.Ne2 a5
23.Nf4 b4 24.Nd3 Rb5 25.axb4 axb4 26.Ra1 e5 27.Ra7 Rd8 28.Bf3 Kg6 29.Ne1 Bf8
30.Be2 Rbb8 31.Bc4 Ra8 32.Rb7 Rab8 33.Ra7 Ra8 34.Rb7 Rab8 35.Rxb8 Rxb8 36.Rd1 f5
37.exf5+ Bxf5 38.f3 Rc8 39.b3 Be6 40.Bd5 Rc5 41.Bxe6 fxe6 42.Rd2 Rb5 43.Nd3 Be7
44.Kg2 Bd8 45.Rd1 Bc7 46.Ra1 Ba5 47.Kh3 Kf6 48.g4 hxg4+ 49.fxg4 e4 50.Rf1+ Kg7
51.Nf4 Re5 52.g5 e3 53.Nh5+ Kg6 54.Rf6+ Kh7 55.Rh6+ Kg8 56.Nf6+ Kf7 57.Rh7+ Kg6
58.Kg4 Re4+ 59.Nxe4 Kxh7 60.Kf3 d5 61.Nc5 d4 62.Nd7 Kg6 63.Ne5+ Kf5 64.g6  1-0

[Event "Goodricke Open"]
[Site "Calcutta IND"]
[Date "2000.02.10"]
[Round "5"]
[White "Kaidanov,G"]
[Black "Koneru,H"]
[Result "1-0"]
[WhiteElo "2599"]
[BlackElo "2244"]

1.Nf3 Nf6 2.c4 e6 3.g3 b6 4.Bg2 Bb7 5.O-O Be7 6.Nc3 O-O 7.Re1 d5 8.cxd5 exd5
9.d4 c5 10.dxc5 Bxc5 11.Nd4 Ne4 12.Be3 Nxc3 13.bxc3 Na6 14.Qa4 Qc8 15.Qb3 Rd8
16.Bg5 f6 17.Be3 Bf8 18.Rac1 Nc5 19.Qb1 Ne4 20.c4 Nc5 21.Nf5 dxc4 22.Rxc4 Bxg2
23.Kxg2 Rd5 24.Bxc5 Rxc5 25.Rxc5 Bxc5 26.Qe4 Rb8 27.Rd1 Qb7 28.Rd5 Kf8 29.Qf3 Re8
30.e4 g6 31.Nd6 Bxd6 32.Qxf6+ Kg8 33.Qxd6 Qf7 34.Qb4 Rf8 35.Qd4 Qf3+ 36.Kg1 Qa3
37.Rd7 Qc1+ 38.Kg2  1-0

[Event "Goodricke Open"]
[Site "Calcutta IND"]
[Date "2000.02.13"]
[Round "8"]
[White "Vladimirov,E"]
[Black "Kaidanov,G"]
[Result "0-1"]
[WhiteElo "2586"]
[BlackElo "2599"]

1.e4 e5 2.Nf3 Nc6 3.Bb5 a6 4.Ba4 Nf6 5.Nc3 b5 6.Bb3 Be7 7.d3 d6 8.a4 b4 9.Nd5 Rb8
10.a5 O-O 11.h3 Be6 12.O-O Rb5 13.Nxe7+ Nxe7 14.Bg5 Ng6 15.Ba4 Rb8 16.d4 h6
17.Bc1 c5 18.dxc5 dxc5 19.Qxd8 Rfxd8 20.Re1 Bd7 21.Nd2 Bxa4 22.Rxa4 Rd4 23.f3 Nd7
24.b3 Ndf8 25.Nc4 Ne6 26.Bb2 Rd7 27.Kf2 f6 28.g3 Ne7 29.Raa1 Rbd8 30.Nb6 Rd2+
31.Re2 Nc6 32.Nd5 Rxe2+ 33.Kxe2 Ncd4+ 34.Bxd4 Nxd4+ 35.Kf2 Nxc2 36.Rc1 Nd4
37.Rxc5 Nxb3 38.Rc6 Nxa5 39.Rxa6 Nc4 40.Rc6 Nb2 41.Rc2 Nd3+ 42.Ke3 b3 43.Rc3 b2
44.Rb3 Ra8 45.Nc3 Ne1 46.Rxb2 Ra3 47.Rb8+ Kh7 48.Rc8 Nc2+ 49.Kd3 Nd4 50.f4 Ra1
51.Nd5 Rg1 52.g4 Rd1+ 53.Ke3 Re1+ 54.Kf2 Re2+ 55.Kf1 exf4 56.Rc7 f3 57.h4 Kg8
58.Rc8+ Kf7 59.Rc7+ Ke6 60.Nf4+ Kd6 61.Rxg7 Rh2 62.Rf7 Ke5 63.Ng6+ Kxe4 64.Re7+ Kd5
65.Nf4+ Kd6 66.Re4 Nb3 67.Ke1 f2+ 68.Ke2 Nd2  0-1

[Event "Oz.com qualifier blitz"]
[Site "Internet ICC"]
[Date "2000.03.05"]
[Round "1"]
[White "Thorsteinsson,A"]
[Black "Kaidanov,G"]
[Result "0-1"]
[WhiteElo "2272"]
[BlackElo "2599"]

1.e4 e5 2.Nf3 Nc6 3.d4 exd4 4.Bc4 Bc5 5.O-O d6 6.c3 Bg4 7.Bf4 Nf6 8.Nbd2 O-O
9.Qc2 dxc3 10.bxc3 h6 11.Rfe1 Nh5 12.Bg3 Nxg3 13.hxg3 Qf6 14.Rab1 Bb6 15.Bd5 Ne5
16.Bxb7 Rab8 17.Ba6 Bxf3 18.gxf3 Nxf3+ 19.Nxf3 Qxf3 20.Bf1 Qxg3+ 21.Bg2 Qf4
22.a4 a5 23.Rb5 g6 24.Reb1 Rbe8 25.Re1 Re7 26.Rd5 Rfe8 27.Rd3 Re5 28.Rf3 Qg4
29.Qb3 R8e7 30.Rf6 Rg5  0-1

[Event "Oz.com qualifier blitz"]
[Site "Internet ICC"]
[Date "2000.03.05"]
[Round "2"]
[White "Kaidanov,G"]
[Black "Hutters,T"]
[Result "1-0"]
[WhiteElo "2599"]
[BlackElo "2390"]

1.d4 Nf6 2.c4 e6 3.Nc3 Bb4 4.Qc2 O-O 5.a3 Bxc3+ 6.Qxc3 Ne4 7.Qc2 f5 8.e3 b6
9.Bd3 Bb7 10.Ne2 d6 11.Nf4 Qe7 12.d5 Nc5 13.Be2 e5 14.Nd3 Nxd3+ 15.Bxd3 e4
16.Be2 Nd7 17.O-O Ne5 18.b4 c6 19.Qb3 cxd5 20.cxd5 Qg5 21.Kh1 Rf6 22.f4 exf3
23.Bxf3 Rg6 24.Ra2 Rc8 25.Raf2 Rc4 26.Bh5 Rf6 27.Be2 Rh4 28.e4 f4 29.Kg1 Bc8
30.Qc3 Bg4 31.Bxf4 Qh5 32.Bxe5 dxe5 33.Bxg4 Rxg4 34.Qc8+ Kf7 35.Qe6+  1-0